| 000 | 00534nam a2200217 454500 | ||
|---|---|---|---|
| 001 | 073198 | ||
| 003 | BD-ChCU | ||
| 008 | Eng | ||
| 020 | _ax | ||
| 040 |
_aDLC _cDLC _dBD-ChCU |
||
| 082 | 0 | 0 | _a531.38/JAE |
| 100 | 1 |
_aJaeger, J .C. _bx |
|
| 245 | 1 | 0 |
_aEleasticity,; _bFracture and flow with engineering and geological application |
| 250 | _a3 ed. | ||
| 260 |
_aLond _bTethuen, _c1969 |
||
| 300 | _aviii, 264p, | ||
| 504 | _a | ||
| 650 | 0 |
_aMathematics, Applied _bMathematics |
|
| 700 | 1 | _ax | |
| 942 |
_2ddc _cBK |
||
| 999 |
_c73198 _d73198 |
||